[Event "Madrid-ch 2016 Final"]
[Site "Madrid ESP"]
[Date "2016.06.11"]
[Round "6.2"]
[White "Perez Mitjans, Orelvis"]
[Black "Espinosa Aranda, Angel"]
[Result "0-1"]
[WhiteElo "2462"]
[BlackElo "2406"]
[PlyCount "104"]
[EventDate "2016.06.06"]
[EventType "swiss"]
[EventRounds "7"]
[EventCountry "ESP"]
[SourceTitle "Ajedrez en Madrid"]
[Source "lmi"]
[SourceDate "2016.06.06"]

1. e4 g6 2. d4 Bg7 3. c4 d6 4. Nc3 Nf6 5. Nf3 O-O 6. h3 e5 7. d5 a5 8. Be3 Na6
9. g4 Nd7 10. Rg1 Kh8 11. Qd2 Ndc5 12. g5 Bd7 13. O-O-O c6 14. Nh2 cxd5 15.
exd5 Bf5 16. Ng4 Rc8 17. f3 Qb6 18. Nf2 Qb4 19. Nfe4 Bxe4 20. Nxe4 Nxe4 21.
fxe4 b5 22. Qxb4 axb4 23. Kb1 bxc4 24. Rc1 f5 25. gxf6 Rxf6 26. Bxc4 Nc5 27.
Be2 Bf8 28. Rc4 Rb8 29. b3 Rf7 30. Rf1 Ra7 31. Bd2 Rab7 32. Bxb4 Rxb4 33. Rxf8+
Rxf8 34. Rxb4 Rf2 35. Bb5 h5 36. Rc4 Rf4 37. Kb2 g5 38. b4 Nxe4 39. Bd7 g4 40.
hxg4 hxg4 41. b5 g3 42. Bh3 Nd2 43. Rc8+ Kg7 44. Kc2 Nc4 45. Kc3 Nb6 46. Rc7+
Kf6 47. Rc6 Nxd5+ 48. Kd2 Rd4+ 49. Ke1 Nf4 50. Rc3 Nxh3 51. Rxg3 Nf4 52. b6 Rb4
0-1

[Event "Madrid-ch 2016 Final"]
[Site "Madrid ESP"]
[Date "2016.06.11"]
[Round "6.3"]
[White "Almagro Llamas, Pablo"]
[Black "Aranda Marin, Cristian"]
[Result "1-0"]
[WhiteElo "2432"]
[BlackElo "2372"]
[PlyCount "69"]
[EventDate "2016.06.06"]
[EventType "swiss"]
[EventRounds "7"]
[EventCountry "ESP"]
[SourceTitle "Ajedrez en Madrid"]
[Source "lmi"]
[SourceDate "2016.06.06"]

1. e4 d6 2. d4 Nf6 3. Nc3 g6 4. f3 c6 5. Be3 b5 6. Qd2 Nbd7 7. g4 Nb6 8. a4 b4
9. Nd1 a5 10. Bd3 Bg7 11. Bh6 Bxh6 12. Qxh6 e5 13. Ne2 Ng8 14. Qe3 h5 15. gxh5
Rxh5 16. dxe5 dxe5 17. b3 Nd7 18. Nb2 Qe7 19. O-O-O Ngf6 20. f4 exf4 21. Nxf4
Qc5 22. Qd2 Rh4 23. Bc4 Ng4 24. e5 Ngxe5 25. Rhe1 Kf8 26. Rf1 Nxc4 27. Nxc4 Kg7
28. Nd6 Nf6 29. Rde1 Ba6 30. Re7 Qc3 31. Qxc3 bxc3 32. Rxf7+ Kg8 33. Ne6 Nh5
34. Rg1 Re4 35. Rxg6+ 1-0

[Event "Madrid-ch 2016 Final"]
[Site "Madrid ESP"]
[Date "2016.06.11"]
[Round "6.4"]
[White "Martinez Reyes, Pedro Ramon"]
[Black "Quispe Arteaga, Gabriel"]
[Result "1/2-1/2"]
[WhiteElo "2309"]
[BlackElo "2196"]
[PlyCount "55"]
[EventDate "2016.06.06"]
[EventType "swiss"]
[EventRounds "7"]
[EventCountry "ESP"]
[SourceTitle "Ajedrez en Madrid"]
[Source "lmi"]
[SourceDate "2016.06.06"]

1. Nf3 c5 2. e4 Nc6 3. Nc3 g6 4. d4 cxd4 5. Nxd4 Bg7 6. Nb3 d6 7. Be2 Nf6 8.
O-O O-O 9. Re1 Be6 10. Bf1 Rc8 11. Nd5 a5 12. a4 Nb4 13. c4 Nfxd5 14. exd5 Bf5
15. g4 Bc2 16. Qf3 f5 17. g5 Be4 18. Rxe4 fxe4 19. Qxe4 Qd7 20. Bd2 Qf5 21.
Qxf5 gxf5 22. Nxa5 Nc2 23. Rb1 Nd4 24. Kg2 b6 25. Nc6 Nxc6 26. dxc6 Rxc6 27. b3
Bd4 28. Rd1 1/2-1/2

[Event "Madrid-ch 2016 Final"]
[Site "Madrid ESP"]
[Date "2016.06.11"]
[Round "6.5"]
[White "Plazuelo Pascual, Juan"]
[Black "Moreno Ruiz, Javier"]
[Result "1/2-1/2"]
[WhiteElo "2223"]
[BlackElo "2438"]
[PlyCount "68"]
[EventDate "2016.06.06"]
[EventType "swiss"]
[EventRounds "7"]
[EventCountry "ESP"]
[SourceTitle "Ajedrez en Madrid"]
[Source "lmi"]
[SourceDate "2016.06.06"]

1. d4 Nf6 2. c4 e6 3. Nc3 Bb4 4. Qc2 d5 5. cxd5 exd5 6. Bg5 c5 7. dxc5 h6 8.
Bh4 O-O 9. e3 Be6 10. Nf3 Nbd7 11. a3 Bxc3+ 12. Qxc3 g5 13. Bg3 Ne4 14. Qc2
Ndxc5 15. Be2 Bf5 16. Qd1 Re8 17. O-O Qf6 18. Nd4 Bg6 19. Rc1 a5 20. a4 Rac8
21. Bg4 Ra8 22. Nb5 Nxg3 23. hxg3 Nd3 24. Rc3 Nxb2 25. Qa1 Nxa4 26. Qxa4 Rec8
27. Qd1 Rc4 28. Ra3 Qb6 29. Nd4 a4 30. Qa1 Qb4 31. Bd7 Ra5 32. Kh2 h5 33. Rd1
h4 34. Bf5 hxg3+ 1/2-1/2

[Event "Madrid-ch 2016 Final"]
[Site "Madrid ESP"]
[Date "2016.06.11"]
[Round "6.6"]
[White "Iagar, Razvan Gabriel"]
[Black "Candela Perez, Jose"]
[Result "1/2-1/2"]
[WhiteElo "2161"]
[BlackElo "2407"]
[PlyCount "154"]
[EventDate "2016.06.06"]
[EventType "swiss"]
[EventRounds "7"]
[EventCountry "ESP"]
[SourceTitle "Ajedrez en Madrid"]
[Source "lmi"]
[SourceDate "2016.06.06"]

1. d4 d5 2. c4 e6 3. Nf3 c6 4. e3 f5 5. Qc2 Nf6 6. g3 Bd6 7. Bg2 O-O 8. O-O b6
9. Nbd2 Bb7 10. b3 Nbd7 11. Bb2 Ne4 12. Rfd1 Qf6 13. Ne1 Qh6 14. f4 Ndf6 15.
Ndf3 Ng4 16. Qe2 c5 17. Nd3 cxd4 18. Bxd4 dxc4 19. bxc4 Rac8 20. Rac1 Rc7 21.
Nde5 Ngf2 22. Rf1 Nh3+ 23. Bxh3 Qxh3 24. Rc2 Rfc8 25. Rfc1 Qh5 26. Qf1 Ba6 27.
Qd3 Bb7 28. Qf1 Qe8 29. Qd3 Rd8 30. Qe2 Qa4 31. Qd3 Ba3 32. Rd1 Nxg3 33. Qb3
Qxb3 34. axb3 Bxf3 35. Nxf3 Ne4 36. Ra1 Bd6 37. Rca2 Rdd7 38. Be5 a5 39. Bxd6
Rxd6 40. Nd4 Rc8 41. Kg2 Kf7 42. Rb2 h6 43. h4 Kf6 44. Rc1 Nc5 45. Rd1 Na6 46.
Kf3 g6 47. Rg2 e5 48. fxe5+ Kxe5 49. Rdg1 Rg8 50. Ne2 Nc5 51. Nf4 Nxb3 52.
Nxg6+ Kf6 53. Kf4 Re6 54. h5 Rge8 55. Ne5 Ke7 56. Rg7+ Kd6 57. Rd7+ Kc5 58.
Rd5+ Kb4 59. Kxf5 a4 60. Rg6 Rxg6 61. hxg6 a3 62. g7 a2 63. Rd1 a1=Q 64. Rxa1
Nxa1 65. Nd7 Rg8 66. Kg6 h5 67. Nxb6 h4 68. Nd5+ Kxc4 69. Nf4 Nc2 70. Kf7 Ra8
71. g8=Q Rxg8 72. Kxg8 Nxe3 73. Kf7 Kd4 74. Kg6 Ke4 75. Kg5 Ng2 76. Kg4 Nxf4
77. Kxh4 Kd4 1/2-1/2

[Event "Madrid-ch 2016 Final"]
[Site "Madrid ESP"]
[Date "2016.06.11"]
[Round "6.7"]
[White "Lianes Garcia, Marcos"]
[Black "Longa Yauca, Javier"]
[Result "0-1"]
[WhiteElo "2234"]
[BlackElo "2293"]
[PlyCount "94"]
[EventDate "2016.06.06"]
[EventType "swiss"]
[EventRounds "7"]
[EventCountry "ESP"]
[SourceTitle "Ajedrez en Madrid"]
[Source "lmi"]
[SourceDate "2016.06.06"]

1. e4 e6 2. d4 d5 3. Nd2 Nf6 4. e5 Nfd7 5. Bd3 c5 6. c3 Nc6 7. Ne2 Qb6 8. Nf3
f6 9. exf6 Nxf6 10. O-O Be7 11. Re1 O-O 12. Nf4 cxd4 13. cxd4 Bb4 14. Re2 Re8
15. Be3 Bd6 16. Rc1 Qa5 17. a3 Bd7 18. Ne5 Bxe5 19. dxe5 Ng4 20. Bd2 Qd8 21.
Bc3 d4 22. Bb4 Qh4 23. h3 Ngxe5 24. Re4 Nxd3 25. Qxd3 e5 26. Ne2 Qf6 27. Ng3 a5
28. Be1 Qf7 29. Re2 a4 30. f3 Re6 31. Ne4 Rg6 32. Bg3 Bf5 33. Kh2 Rd8 34. Rc5
h6 35. Qd1 d3 36. Re3 Bxe4 37. Rxe4 d2 38. Rc3 Qd5 39. Rxa4 Qb5 40. b3 Nd4 41.
Rac4 Ne2 42. Rc8 Rxc8 43. Rxc8+ Kh7 44. Bf2 Nf4 45. g3 Qe2 46. Qxe2 Nxe2 47.
Rd8 Nd4 0-1

[Event "Madrid-ch 2016 Final"]
[Site "Madrid ESP"]
[Date "2016.06.11"]
[Round "6.8"]
[White "Quevedo Marin, Manuel"]
[Black "Lopez de Turiso, Jose Angel"]
[Result "1-0"]
[WhiteElo "2259"]
[BlackElo "2040"]
[PlyCount "75"]
[EventDate "2016.06.06"]
[EventType "swiss"]
[EventRounds "7"]
[EventCountry "ESP"]
[SourceTitle "Ajedrez en Madrid"]
[Source "lmi"]
[SourceDate "2016.06.06"]

1. d4 Nf6 2. Nf3 g6 3. Nc3 Bg7 4. e4 d6 5. Be2 O-O 6. O-O c6 7. a4 Qc7 8. a5
Bg4 9. Re1 e5 10. d5 Bxf3 11. Bxf3 c5 12. Nb5 Qd7 13. Na3 Na6 14. Nc4 Rfb8 15.
Qd3 Nc7 16. Bd2 b5 17. axb6 axb6 18. Rxa8 Nxa8 19. Ra1 b5 20. Na5 c4 21. Qe3
Nb6 22. Nc6 Ra8 23. Rxa8+ Nxa8 24. Qa3 Nc7 25. Qa7 h5 26. b3 cxb3 27. cxb3 Kh7
28. Qb8 Bh6 29. Bxh6 Kxh6 30. Qf8+ Kh7 31. Nd8 g5 32. Nxf7 g4 33. Qh6+ Kg8 34.
Qg6+ Kf8 35. Qxf6 Qxf7 36. Qxd6+ Kg8 37. Be2 Qf4 38. Qxc7 1-0

[Event "Madrid-ch 2016 Final"]
[Site "Madrid ESP"]
[Date "2016.06.11"]
[Round "6.9"]
[White "Pastor Alonso De Prado, Alberto"]
[Black "Rojas Pozo, Jose Luis"]
[Result "1-0"]
[WhiteElo "2233"]
[BlackElo "1992"]
[PlyCount "125"]
[EventDate "2016.06.06"]
[EventType "swiss"]
[EventRounds "7"]
[EventCountry "ESP"]
[SourceTitle "Ajedrez en Madrid"]
[Source "lmi"]
[SourceDate "2016.06.06"]

1. e4 c6 2. d4 d5 3. e5 Bf5 4. a3 Qb6 5. c4 dxc4 6. Bxc4 e6 7. Nc3 Ne7 8. Nge2
Nd7 9. O-O a6 10. Ng3 h5 11. Nce4 Bxe4 12. Nxe4 Nf5 13. Be3 Be7 14. Qf3 O-O-O
15. b4 g5 16. Ng3 g4 17. Qe4 Nxe3 18. fxe3 Rdf8 19. Ne2 Qd8 20. Rac1 Nb6 21.
Rxf7 Nxc4 22. Rxf8 Rxf8 23. Rxc4 Qd5 24. Qd3 Bg5 25. Rc1 Qb5 26. Rc3 Rd8 27.
Qxb5 axb5 28. Ng3 h4 29. Ne4 Be7 30. g3 Rf8 31. Nf2 Rg8 32. Kf1 Rf8 33. Ke2
hxg3 34. hxg3 Rf3 35. Nxg4 Rxg3 36. Nf2 Kd7 37. Ne4 Rh3 38. Rc1 Rh2+ 39. Kf3
Rh3+ 40. Ke2 Rh2+ 41. Kd3 Ra2 42. Rc3 Rh2 43. Rc2 Rh1 44. Nc3 Ra1 45. Ra2 Re1
46. Ne4 Rd1+ 47. Ke2 Rh1 48. Nf2 Rh2 49. Kf1 Bg5 50. Re2 Rh4 51. Kg2 Be7 52.
Re1 Rh8 53. Rh1 Ra8 54. Rh7 Rxa3 55. Kf3 Rb3 56. Ne4 Ke8 57. Nd6+ Bxd6 58. exd6
Rxb4 59. Ke4 c5 60. Ke5 Rb3 61. e4 Rg3 62. dxc5 Rg5+ 63. Kxe6 1-0

[Event "Madrid-ch 2016 Final"]
[Site "Madrid ESP"]
[Date "2016.06.11"]
[Round "6.11"]
[White "Perez de Aranda, Leonardo Ivan"]
[Black "Pindado Campos, Raul"]
[Result "1-0"]
[WhiteElo "2092"]
[BlackElo "2046"]
[PlyCount "96"]
[EventDate "2016.06.06"]
[EventType "swiss"]
[EventRounds "7"]
[EventCountry "ESP"]
[SourceTitle "Ajedrez en Madrid"]
[Source "lmi"]
[SourceDate "2016.06.06"]

1. e4 c5 2. Nf3 d6 3. d4 cxd4 4. Qxd4 Nc6 5. Bb5 Bd7 6. Bxc6 Bxc6 7. Nc3 Nf6 8.
Bg5 h6 9. Bxf6 gxf6 10. O-O-O Qa5 11. Kb1 Rg8 12. Nh4 e6 13. f4 Rg4 14. g3 f5
15. Qe3 fxe4 16. Nxe4 O-O-O 17. Rhe1 Be7 18. Nf3 Kb8 19. Rd3 Bxe4 20. Qxe4 d5
21. Qh7 e5 22. Rxe5 Bf6 23. Re2 Qb5 24. b3 Rg7 25. Qxh6 Rg6 26. Qh5 Bg7 27. Ne5
Ra6 28. Qxf7 Qa5 29. Qxg7 Qxa2+ 30. Kc1 Qa1+ 31. Kd2 Qa5+ 32. Ke3 Qc5+ 33. Kf3
Qg1 34. Rc3 Qf1+ 35. Rf2 Qh1+ 36. Kg4 Qd1+ 37. Kh3 Ka8 38. Qc7 Qh5+ 39. Kg2 Qe8
40. Rd2 Rad6 41. b4 a6 42. Rcd3 Qf8 43. Qc5 Qf5 44. Qd4 Rh6 45. b5 Rdh8 46. Kg1
R6h7 47. bxa6 bxa6 48. Qxd5+ Ka7 1-0

[Event "Madrid-ch 2016 Final"]
[Site "Madrid ESP"]
[Date "2016.06.11"]
[Round "6.12"]
[White "Aguilera Lopez, Alejandro"]
[Black "Rottenwohrer Suarez, Juan"]
[Result "0-1"]
[WhiteElo "2011"]
[BlackElo "2087"]
[PlyCount "60"]
[EventDate "2016.06.06"]
[EventType "swiss"]
[EventRounds "7"]
[EventCountry "ESP"]
[SourceTitle "Ajedrez en Madrid"]
[Source "lmi"]
[SourceDate "2016.06.06"]

1. d4 Nf6 2. Nf3 g6 3. Bg5 Bg7 4. e3 c5 5. c3 b6 6. Nbd2 d6 7. Bb5+ Nbd7 8. a4
a6 9. Be2 Bb7 10. O-O O-O 11. b4 cxb4 12. cxb4 Rc8 13. Rc1 Rc7 14. b5 a5 15.
Qb3 Qb8 16. Qa3 Rfc8 17. Bd3 Bf8 18. Qb2 Nd5 19. e4 h6 20. Bh4 Nc3 21. Qa1 g5
22. Bg3 Nf6 23. Rfe1 Nh5 24. e5 Nxg3 25. hxg3 dxe5 26. Nxe5 e6 27. Bc4 Nd5 28.
Ne4 Kg7 29. Qb1 Ba3 30. Bxd5 Rxc1 0-1

[Event "Madrid-ch 2016 Final"]
[Site "Madrid ESP"]
[Date "2016.06.11"]
[Round "6.13"]
[White "Ocana Lameiro, Oliver"]
[Black "Martin Martin, Luis Vicente"]
[Result "1-0"]
[WhiteElo "2028"]
[BlackElo "2017"]
[PlyCount "105"]
[EventDate "2016.06.06"]
[EventType "swiss"]
[EventRounds "7"]
[EventCountry "ESP"]
[SourceTitle "Ajedrez en Madrid"]
[Source "lmi"]
[SourceDate "2016.06.06"]

1. Nf3 Nf6 2. c4 c5 3. Nc3 Nc6 4. g3 e6 5. Bg2 b6 6. Ne5 Bb7 7. Nxc6 Bxc6 8.
Bxc6 dxc6 9. Qa4 Qd7 10. d3 Be7 11. O-O O-O 12. Kg2 e5 13. Bg5 h6 14. Bxf6 Bxf6
15. a3 Qe6 16. Rac1 Bg5 17. e3 Rfd8 18. Rcd1 Rd7 19. f4 exf4 20. exf4 Bf6 21.
Rfe1 Qd6 22. Ne4 Qc7 23. Nxf6+ gxf6 24. Qc2 Rad8 25. Qe2 Rd4 26. Qg4+ Kh7 27.
Qf5+ Kg7 28. Re3 Qd7 29. Qxd7 R8xd7 30. b3 b5 31. cxb5 cxb5 32. Kf2 c4 33. bxc4
bxc4 34. Ke2 Rb7 35. Rd2 cxd3+ 36. Rdxd3 Rb2+ 37. Kf3 Rxd3 38. Rxd3 f5 39. h3
Ra2 40. Ke3 h5 41. h4 Rc2 42. Kd4 Kf6 43. Rc3 Rxc3 44. Kxc3 Ke6 45. Kc4 Kd6 46.
Kb5 Kc7 47. Ka6 Kb8 48. Kb5 Kc7 49. Kc5 Kb7 50. Kd5 Kb6 51. Ke5 Kb5 52. Kxf5
Ka4 53. g4 1-0

[Event "Madrid-ch 2016 Final"]
[Site "Madrid ESP"]
[Date "2016.06.12"]
[Round "7.1"]
[White "Espinosa Aranda, Angel"]
[Black "Almagro Llamas, Pablo"]
[Result "1/2-1/2"]
[WhiteElo "2406"]
[BlackElo "2432"]
[PlyCount "53"]
[EventDate "2016.06.06"]
[EventType "swiss"]
[EventRounds "7"]
[EventCountry "ESP"]
[SourceTitle "Ajedrez en Madrid"]
[Source "lmi"]
[SourceDate "2016.06.06"]

1. e4 c5 2. Nf3 Nc6 3. Bb5 e6 4. O-O Nge7 5. Re1 a6 6. Bf1 d5 7. exd5 Qxd5 8.
Na3 Qd8 9. Nc4 Nf5 10. a4 Be7 11. a5 O-O 12. c3 Nd6 13. Nb6 Rb8 14. Qb3 Nf5 15.
d3 Bd6 16. Nd2 Bc7 17. Ndc4 Nd6 18. Bf4 Nxc4 19. Bxc7 N4xa5 20. Rxa5 Qxc7 21.
Rxc5 e5 22. Nxc8 Rbxc8 23. g3 Kh8 24. Bg2 f6 25. d4 exd4 26. cxd4 Qd7 27. Bxc6
1/2-1/2

[Event "Madrid-ch 2016 Final"]
[Site "Madrid ESP"]
[Date "2016.06.12"]
[Round "7.2"]
[White "Martinez Reyes, Pedro Ramon"]
[Black "Valles Moreno, Ivan"]
[Result "1-0"]
[WhiteElo "2309"]
[BlackElo "2441"]
[PlyCount "101"]
[EventDate "2016.06.06"]
[EventType "swiss"]
[EventRounds "7"]
[EventCountry "ESP"]
[SourceTitle "Ajedrez en Madrid"]
[Source "lmi"]
[SourceDate "2016.06.06"]

1. Nf3 Nf6 2. d4 d6 3. g3 Nbd7 4. Bg2 e5 5. c4 exd4 6. Nxd4 g6 7. O-O Bg7 8.
Nc3 O-O 9. Qc2 Re8 10. Rd1 Qe7 11. Ndb5 Nb6 12. c5 dxc5 13. Bf4 Bf5 14. Qc1 c6
15. Bd6 Qe6 16. Nc7 Qc4 17. Nxa8 Rxa8 18. e4 Bg4 19. f3 Ne8 20. Bf4 Be6 21. Be3
Qb4 22. a3 Qa5 23. Bf1 Bc4 24. Qc2 Bxf1 25. Kxf1 Nc4 26. Bf2 b6 27. Rac1 Nc7
28. Qe2 Qa6 29. Kg2 Ne5 30. f4 Qxe2 31. Nxe2 Ng4 32. Rc2 Re8 33. Rd7 Nb5 34. e5
f6 35. a4 Nd4 36. Nxd4 cxd4 37. Rxc6 fxe5 38. fxe5 Bxe5 39. Bxd4 Rf8 40. Bg1
Bxb2 41. Rxa7 Ne5 42. Rxb6 Nd3 43. Re6 Bc3 44. Rae7 Nb2 45. a5 Bb4 46. Rb7 Nd3
47. a6 Bc5 48. Bxc5 Nxc5 49. Rc6 Nd3 50. a7 Ne1+ 51. Kh3 1-0

[Event "Madrid-ch 2016 Final"]
[Site "Madrid ESP"]
[Date "2016.06.12"]
[Round "7.3"]
[White "Moreno Ruiz, Javier"]
[Black "Quispe Arteaga, Gabriel"]
[Result "1-0"]
[WhiteElo "2438"]
[BlackElo "2196"]
[PlyCount "125"]
[EventDate "2016.06.06"]
[EventType "swiss"]
[EventRounds "7"]
[EventCountry "ESP"]
[SourceTitle "Ajedrez en Madrid"]
[Source "lmi"]
[SourceDate "2016.06.06"]

1. e4 c5 2. Nc3 Nc6 3. f4 d6 4. Nf3 g6 5. Bc4 Bg7 6. d3 e6 7. O-O Nge7 8. Qe1
O-O 9. Bb3 a6 10. f5 exf5 11. Qh4 h5 12. Bg5 Qb6 13. Rae1 Kh8 14. h3 f6 15. Be3
Qd8 16. a3 Bd7 17. Ne2 Be8 18. g4 Bf7 19. Bxf7 Rxf7 20. gxf5 Bf8 21. fxg6 Nxg6
22. Qxh5+ Rh7 23. Qf5 Qd7 24. Qxd7 Rxd7 25. Nc3 Rh7 26. Kh2 Bg7 27. Rg1 Nge5
28. Nxe5 fxe5 29. Nd5 Nd4 30. Bxd4 exd4 31. Rg4 Be5+ 32. Kg2 Rf8 33. Nb6 Rg8
34. Rh1 Rxg4+ 35. hxg4 Rxh1 36. Kxh1 Bf4 37. a4 Kg7 38. Kg2 Kf7 39. Kf3 Bc1 40.
b3 Ke6 41. Nd5 Ke5 42. Ne7 Kf6 43. Nf5 Ke5 44. Kg3 Bg5 45. Nh4 Bf4+ 46. Kf3 Bg5
47. Ng6+ Kf6 48. Nf4 b5 49. Nd5+ Ke5 50. Nc7 bxa4 51. bxa4 a5 52. Nd5 Bd8 53.
Kg3 c4 54. Kf3 cxd3 55. cxd3 Bh4 56. Nb6 Be1 57. g5 Ke6 58. Kg4 Ke5 59. Nd5 Bd2
60. Kh5 Ke6 61. Nb6 Bb4 62. Kg6 Bc5 63. Nd5 1-0

[Event "Madrid-ch 2016 Final"]
[Site "Madrid ESP"]
[Date "2016.06.12"]
[Round "7.4"]
[White "Longa Yauca, Javier"]
[Black "Perez Mitjans, Orelvis"]
[Result "0-1"]
[WhiteElo "2293"]
[BlackElo "2462"]
[PlyCount "100"]
[EventDate "2016.06.06"]
[EventType "swiss"]
[EventRounds "7"]
[EventCountry "ESP"]
[SourceTitle "Ajedrez en Madrid"]
[Source "lmi"]
[SourceDate "2016.06.06"]

1. d4 Nf6 2. c4 c5 3. d5 b5 4. cxb5 a6 5. bxa6 g6 6. Nc3 Bxa6 7. e4 Bxf1 8.
Kxf1 d6 9. Nge2 Bg7 10. Bf4 O-O 11. h3 Nbd7 12. g4 Qb6 13. Qc2 Rfb8 14. Rb1 Ne8
15. Kg2 Ne5 16. b3 Nc7 17. Rhd1 Na6 18. a3 Qa5 19. Bc1 Nc7 20. f4 Nd7 21. a4
Rb7 22. Bd2 Qa6 23. Be1 Rab8 24. Kf3 e6 25. dxe6 Nxe6 26. Nb5 Bf8 27. Bc3 Re8
28. Qd3 Qa8 29. g5 Nb6 30. a5 Nc8 31. Na3 Rbe7 32. Ng3 Na7 33. Nc4 d5 34. Qxd5
Nc6 35. Nb6 Qb7 36. Qc4 Bg7 37. Nd5 Bd4 38. Bxd4 Ncxd4+ 39. Kf2 Qb8 40. e5 Nxf4
41. Rxd4 cxd4 42. Nxe7+ Rxe7 43. Qxd4 Rxe5 44. Rd1 Rd5 45. Qa1 Nxh3+ 46. Kg2
Rxg5 47. Qc3 Nf4+ 48. Kf1 Nd5 49. Qf3 Rxg3 50. Qxd5 Qf4+ 0-1

[Event "Madrid-ch 2016 Final"]
[Site "Madrid ESP"]
[Date "2016.06.12"]
[Round "7.5"]
[White "Rubio Mejia, Luis Ignacio"]
[Black "Quevedo Marin, Manuel"]
[Result "1/2-1/2"]
[WhiteElo "2457"]
[BlackElo "2259"]
[PlyCount "115"]
[EventDate "2016.06.06"]
[EventType "swiss"]
[EventRounds "7"]
[EventCountry "ESP"]
[SourceTitle "Ajedrez en Madrid"]
[Source "lmi"]
[SourceDate "2016.06.06"]

1. d4 Nf6 2. c4 e6 3. Nf3 d5 4. Nc3 c6 5. cxd5 exd5 6. Qc2 g6 7. Bg5 Bg7 8. e3
Bf5 9. Bd3 Bxd3 10. Qxd3 Nbd7 11. O-O-O O-O 12. Kb1 Re8 13. h4 Qa5 14. Bxf6
Nxf6 15. h5 Ne4 16. hxg6 hxg6 17. Qc2 Rac8 18. Nxe4 dxe4 19. Nd2 Qf5 20. Nb3 b6
21. Rd2 Qd5 22. Rc1 Red8 23. Qc4 Qd7 24. Rdc2 Rc7 25. Nd2 Qf5 26. Nf1 Rd5 27.
Ng3 Qe6 28. Ne2 Qe7 29. Qxd5 cxd5 30. Rxc7 Qg5 31. g3 Qf5 32. Rf1 g5 33. Rc2
Bf8 34. Nc3 Bb4 35. a3 Bxc3 36. Rxc3 Kg7 37. Rc2 Qf3 38. Rfc1 f5 39. Rc7+ Kg6
40. R1c2 Qd1+ 41. Ka2 Kh5 42. b3 Kg4 43. Rb2 a5 44. a4 Qf1 45. Rb7 Qa6 46. Rb8
Qa7 47. Rc8 Qb7 48. Rc3 b5 49. axb5 Qxb5 50. Rc5 Qb4 51. Rxd5 a4 52. Rc5 f4 53.
gxf4 gxf4 54. Rcc2 Kf3 55. exf4 Kxf4 56. d5 Ke5 57. bxa4 Qxa4+ 58. Kb1 1/2-1/2

[Event "Madrid-ch 2016 Final"]
[Site "Madrid ESP"]
[Date "2016.06.12"]
[Round "7.6"]
[White "Aranda Marin, Cristian"]
[Black "Plazuelo Pascual, Juan"]
[Result "1/2-1/2"]
[WhiteElo "2372"]
[BlackElo "2223"]
[PlyCount "30"]
[EventDate "2016.06.06"]
[EventType "swiss"]
[EventRounds "7"]
[EventCountry "ESP"]
[SourceTitle "Ajedrez en Madrid"]
[Source "lmi"]
[SourceDate "2016.06.06"]

1. Nf3 Nf6 2. c4 e6 3. g3 d5 4. Bg2 dxc4 5. Qa4+ Nbd7 6. Qxc4 a6 7. d3 c5 8.
O-O b5 9. Qc2 Bb7 10. Nbd2 Be7 11. b3 O-O 12. Bb2 Rc8 13. e4 Qc7 14. h3 Rfd8
15. Rae1 Nb8 1/2-1/2

[Event "Madrid-ch 2016 Final"]
[Site "Madrid ESP"]
[Date "2016.06.12"]
[Round "7.8"]
[White "Perez de Aranda, Leonardo Ivan"]
[Black "Pastor Alonso De Prado, Alberto"]
[Result "0-1"]
[WhiteElo "2092"]
[BlackElo "2233"]
[PlyCount "46"]
[EventDate "2016.06.06"]
[EventType "swiss"]
[EventRounds "7"]
[EventCountry "ESP"]
[SourceTitle "Ajedrez en Madrid"]
[Source "lmi"]
[SourceDate "2016.06.06"]

1. d4 d5 2. c4 e6 3. e3 Nf6 4. Nf3 Be7 5. b3 c5 6. cxd5 Nxd5 7. e4 Nf6 8. e5
Nd5 9. Bb5+ Bd7 10. Bxd7+ Nxd7 11. O-O O-O 12. Bb2 Rc8 13. Nbd2 Qa5 14. Nc4 Qa6
15. Re1 N7b6 16. Nd6 Bxd6 17. exd6 c4 18. Ng5 c3 19. Bc1 Nd7 20. a4 c2 21. Qh5
N7f6 22. Qh4 Qxd6 23. Ba3 Qxa3 0-1

[Event "Madrid-ch 2016 Final"]
[Site "Madrid ESP"]
[Date "2016.06.12"]
[Round "7.9"]
[White "Rottenwohrer Suarez, Juan"]
[Black "Iagar, Razvan Gabriel"]
[Result "1-0"]
[WhiteElo "2087"]
[BlackElo "2161"]
[PlyCount "61"]
[EventDate "2016.06.06"]
[EventType "swiss"]
[EventRounds "7"]
[EventCountry "ESP"]
[SourceTitle "Ajedrez en Madrid"]
[Source "lmi"]
[SourceDate "2016.06.06"]

1. d4 d5 2. c4 c6 3. Nf3 Nf6 4. Nc3 dxc4 5. a4 Bf5 6. Ne5 Nbd7 7. Nxc4 Nb6 8.
Ne5 a5 9. f3 Nfd7 10. Nxd7 Nxd7 11. e4 Bg6 12. Be3 e6 13. Bc4 Bb4 14. O-O O-O
15. Qe2 Rc8 16. Rfd1 Qe7 17. Rac1 Rfd8 18. Qf2 Kh8 19. h4 f6 20. g4 e5 21. d5
Bf7 22. Kg2 Qf8 23. dxc6 Rxc6 24. Bb5 Rc7 25. Qd2 Be7 26. Bxd7 Be8 27. Nd5
Rcxd7 28. Qxa5 Bf7 29. Bb6 Bxd5 30. Bxd8 Bxd8 31. Rc8 1-0

[Event "Madrid-ch 2016 Final"]
[Site "Madrid ESP"]
[Date "2016.06.12"]
[Round "7.10"]
[White "Ruiz Quevedo, Andres"]
[Black "Lianes Garcia, Marcos"]
[Result "0-1"]
[WhiteElo "1959"]
[BlackElo "2234"]
[PlyCount "48"]
[EventDate "2016.06.06"]
[EventType "swiss"]
[EventRounds "7"]
[EventCountry "ESP"]
[SourceTitle "Ajedrez en Madrid"]
[Source "lmi"]
[SourceDate "2016.06.06"]

1. Nf3 c5 2. g3 g6 3. c4 Bg7 4. Bg2 Nf6 5. Nc3 Nc6 6. O-O O-O 7. d4 cxd4 8.
Nxd4 Ng4 9. e3 Nge5 10. b3 d6 11. Bb2 Bg4 12. f3 Bd7 13. Qe2 Rc8 14. Nd5 e6 15.
Nc3 Nxd4 16. exd4 Nc6 17. d5 Nd4 18. Qd2 e5 19. Ne4 Bf5 20. Kh1 Bxe4 21. fxe4
b5 22. cxb5 Rc2 23. Bxd4 Rxd2 24. Bxa7 Qa5 0-1

[Event "Madrid-ch 2016 Final"]
[Site "Madrid ESP"]
[Date "2016.06.12"]
[Round "7.11"]
[White "Lopez de Turiso, Jose Angel"]
[Black "Ocana Lameiro, Oliver"]
[Result "1/2-1/2"]
[WhiteElo "2040"]
[BlackElo "2028"]
[PlyCount "66"]
[EventDate "2016.06.06"]
[EventType "swiss"]
[EventRounds "7"]
[EventCountry "ESP"]
[SourceTitle "Ajedrez en Madrid"]
[Source "lmi"]
[SourceDate "2016.06.06"]

1. c4 c5 2. Nc3 Nf6 3. Nf3 b6 4. d4 cxd4 5. Nxd4 Bb7 6. f3 g6 7. e4 d6 8. Be3
Bg7 9. Qd2 O-O 10. Bh6 Nc6 11. Nxc6 Bxc6 12. h4 Nh5 13. g4 Ng3 14. Rh3 Nxf1 15.
Kxf1 Bxh6 16. Qxh6 f6 17. Qe3 Bd7 18. h5 g5 19. Rd1 Rc8 20. b3 a6 21. a4 b5 22.
axb5 axb5 23. cxb5 Qa5 24. Nd5 Qxb5+ 25. Kg1 Kf7 26. Rh2 Be6 27. Rg2 Qc5 28.
Kf2 Qxe3+ 29. Kxe3 Rb8 30. Rb2 Rb5 31. b4 Rfb8 32. Rd4 Bxd5 33. exd5 h6 1/2-1/2

[Event "Madrid-ch 2016 Final"]
[Site "Madrid ESP"]
[Date "2016.06.12"]
[Round "7.12"]
[White "Casares Ripoll, Fernando"]
[Black "Anton Quevedo, Andrea"]
[Result "1/2-1/2"]
[WhiteElo "2139"]
[BlackElo "1992"]
[PlyCount "56"]
[EventDate "2016.06.06"]
[EventType "swiss"]
[EventRounds "7"]
[EventCountry "ESP"]
[SourceTitle "Ajedrez en Madrid"]
[Source "lmi"]
[SourceDate "2016.06.06"]

1. d4 Nf6 2. Bg5 Ne4 3. Bf4 c5 4. d5 d6 5. Nd2 Nxd2 6. Qxd2 Bf5 7. e3 Nd7 8.
Bd3 Bxd3 9. Qxd3 Qa5+ 10. c3 g6 11. Nf3 Bg7 12. O-O O-O 13. e4 b5 14. Rfe1 b4
15. e5 bxc3 16. bxc3 c4 17. Qxc4 Rfc8 18. Qe2 Qxd5 19. exd6 exd6 20. Rad1 Qc4
21. Qxc4 Rxc4 22. Bxd6 Rxc3 23. Bb4 Rc4 24. Rxd7 Rxb4 25. g3 Bf6 26. Rc1 a5 27.
Rcc7 Rf8 28. Rd5 Ra4 1/2-1/2